000 00450nam a2200133Ia 4500
008 190228s9999 xx 000 0 und d
020 _a9781119337287
100 _aSeid, Michael H.
245 _cMichael H. Seid, Joyce Mazero.--
_aFranchise management for dummies/
260 _aNew Jersey :
_bJohn Willey & Sons
_c2017
300 _axvi, 412 pages.
500 _aIncludes bibliographical references and index.
650 _aFranchises (Retail trade).
999 _c361289
_d361289